01466cam a22003377a 450000100090000000300040000900500170001300600190003000700150004900800410006402000310010502000280013602000250016403500260018904000380021505000210025308200200027410000200029421000410031424500830035525000120043826000340045049000510048450400640053550502120059950600430081165000310085477300600088583000400094585601430098510311034OSt20150408114204.0m d cr n 121005s2013 nyua sb 001 0 eng d a9781461454762 (alk. paper) a146145476X (alk. paper) z9781461454779 (ebk.) a(WaSeSS)ssj0000870727 aINDcINDdYDXCPdIXAdDLCdWaSeSS 4aQA871b.H74 2013 223a515.35bHMI1 aHolmes, Mark H.10aIntroduction to perturbation methods10aIntroduction to perturbation methodsh[electronic resource] /cMark H. Holmes. a2nd ed. aNew York :bSpringer,cc2013.1 aTexts in applied mathematics,x0939-2475 ;v20 aIncludes bibliographical references (p. 421-432) and index.00tIntroduction to Asymptotic Approximations --tMatched Asymptotic Expansions --tMultiple Scales --tThe WKB and Related Methods --tThe Method of Homogenization --tIntroduction to Bifurcation and Stability. aLicense restrictions may limit access. 0aPerturbation (Mathematics) 0tSpringerLink ebooks - Mathematics and Statistics (2013) 0aTexts in applied mathematics ;v20.40uhttp://www.columbia.edu/cgi-bin/cul/resolve?clio10311034zFull text available from SpringerLink ebooks - Mathematics and Statistics (2013)